=LDR 00000nam 2200000 4500 =001 INLIS000000000019129 =005 20130612114229 =008 ***********************************Ind** =035 ##$$0010-061300000019129 =041 ##$$a Ind =082 ##$$a 828.83 =090 ##$$a 828.83, Gum d =100 ##$$a Gumn, Victor =245 ##$$a Death on godmin moor, Victor Gumn =260 ##$$a 1960 $b London =300 ##$$a 47 hlm, 31 cm =650 ##$$a Kesusastraan Inggris-Penulisan =850 ##$$a NBPNMAT